Quizzes
Events
Quiz Creation
Community
Videos
Private Events
Remove Ads
Sign In
Join for FREE
Feedback
Dark Mode
Quiz Categories
Sports
Geography
Music
Movies
Television
Just For Fun
Miscellaneous
History
Literature
Language
Science
Gaming
Entertainment
Religion
Holiday
For Kids
Quiz Lab
Recent
Popular Today
Quiz Kudos Today
Editor Picks
Curator Picks
Quizzes by...
Day
Popularity
Type
Ratings
Length
Year
Community
Subscriptions
Recent Discussions
Orange Saloon
Badges
Playlists
Quests
Create
Leaderboards
Showdown
Live 5
Trivia Bingo
Activity
Puzzle Library
Sporcle Events
Private Events
Virtual Trivia
Globe League
Become a Host
Pub Owners
SporcleCon
Opinionation
Our Games
Videos
Blog
Mobile Apps
Partnerships
Remove Ads and Go Orange
Feedback
Science
Computer
Plants
Astronomy
Chemistry
Elements
Math
Animal
Physics
Anatomy
Biology
Geology
General Science
Science
Computer
Plants
Astronomy
Chemistry
Elements
Math
Animal
Physics
Anatomy
Biology
Geology
General Science
Random Quiz
Search Sporcle
×
Quiz Lab
Quiz Lab
Science
102
Type in answers that appear in a list
Type in answers that appear in a list
Classic
Best Score? Go Orange.
MA 102 FINAL Stats
Can you name the MA 102 FINAL
By
awhile20
20m
55 Questions
13 Plays
13 Plays
13 Plays
Comments
Comments
Give Quiz Kudos
Give Quiz Kudos
-
- Ratings
hide this ad
Replay
Link that replays current quiz
Next Quiz
Link to next quiz in quiz playlist
You Got
0%
They Got
Avg Score
33%
Avg Friend Score
Upgrade to see
Score Distribution
Jump to the score distribution portion of the page
Score
0/55
Timer
20:00
0
Plays Today
Hint
Answer
% Correct
The largest federal program providing healthcare is _
_
_
_
_
_
which provides health insurance for citizens aged 65 and older as well as certain patients under the age of 65
medicare
100%
_
_
_
_
_
_
is more commonly known as lice and comes in three forms: head lice, body lice, and pubic lice
pediculosis
36.4%
Sweat glands are located in the _
_
_
_
_
_
dermis
36.4%
Keratin is a durable protein that makes the _
_
_
_
_
_
waterproof and resistant to bacteria and viruses.
epidermis
36.4%
A _
_
_
_
_
_
is a fixed dollar amount that must be paid or met once a year in the addition to the premium, before the third-
party payer begins to cover medical expenses
deductible
33.3%
_
_
_
_
_
_
_
_
_
_
_
_
submissions are cost efficient even in smaller offices
electronic claim
33.3%
Claims are generally paid much more quickly electronically -
within a _
_
_
_
_
_
or _
_
_
_
_
_
instead of 6 to 8 weeks for paper claims
week 2
33.3%
_
_
_
_
_
_
and _
_
_
_
_
_
provide healthcare benefits to families of current military personnel, retired military personnel, and veterans
tricare champva
33.3%
The _
_
_
_
_
_
rule states if a husband and wife both have insurance through their employers, the insurance policy of the policyholder whose birthday occurs first in the calendar year
birthday
33.3%
The patient's diagnosis for a given visit describes the _
_
_
_
_
_
condition for which the patient is receiving care during that visit
primary
33.3%
The ICD codes are updated every _
_
_
_
_
_
on _
_
_
_
_
_
1.
year october
33.3%
An _
_
_
_
_
_
condition is one that is of sudden onset or a more long-
standing condition that has suddenly worsened
acute
33.3%
A _
_
_
_
_
_
condition is one that is long-
standing
chronic
33.3%
As for ICD-
9, the first step for coding in ICD-
10 is to locate the term in the _
_
_
_
_
_
_
_
_
_
_
_
alphabetic index
33.3%
The _
_
_
_
_
_
and _
_
_
_
_
_
codes are used so frequently that they are placed in the front of the CPT manual for easy reference
evaluation management
33.3%
The general rule of thumb is that if a patient has not been seen in the practice within three years, he or she is considered a _
_
_
_
_
_
patient
new
33.3%
The _
_
_
_
_
_
-
digit modifiers indicate that one or more special circumstance applies to the service or procedure the physician performed
two
33.3%
_
_
_
_
_
_
codes are _
_
_
_
_
_
-
digit numeric codes
CPT 5
33.3%
_
_
_
_
_
_
_
_
_
_
_
_
is most often extended to other physicians and their families, the practice's staff members and their families, other healthcare professionals, and clergy members
professional
33.3%
A _
_
_
_
_
_
lists the charges and procedure codes (CPT) for services rendered on that day, including appropriate diagnoses and ICD codes
superbill
33.3%
A _
_
_
_
_
_
is a paperwork sent to patients who do not pay at the time of treatment to inform them of how much the insurance paid and how much is still due on the account.
statement
33.3%
A(n) _
_
_
_
_
_
_
_
_
_
_
_
is the process of classifying and review past-
due accounts by age from the first date of billing
age analysis
33.3%
The _
_
_
_
_
_
_
_
_
_
_
_
_
_
_
_
_
_
_
_
_
_
_
_
prevents creditors from discriminating against applicants on the basis of sex, marital status, race, national origin, age, or income
equal credit opportunity act
33.3%
Call the patient only between the hours of _
_
_
_
_
_
a.m. and _
_
_
_
_
_
p.m.
8 9
33.3%
Using a collection agency is usually a last resort, because collection agencies keep between _
_
_
_
_
_
% and _
_
_
_
_
_
% of the collected amount.
40 60
33.3%
Choose a collection agency only when all other avenues have _
_
_
_
_
_
failed
33.3%
Patients are often considered _
_
_
_
_
_
cases and are offered free or deeply discounted servies if they are poor, uninsured, or elderly and on a limited income.
hardship
33.3%
Give the collection agency the patient's full _
_
_
_
_
_
, last known _
_
_
_
_
_
, occupation, name of spouse, the total amount of _
_
_
_
_
_
, the date of last _
_
_
_
_
_
on the account, actions ta
name address debt activity
33.3%
Hint
Answer
% Correct
In the past, it was necessary to have an accountant prepare financial summaries, but most _
_
_
_
_
_
_
_
_
_
_
_
_
_
_
_
_
_
can now create these reports easily
practice management software
33.3%
A(n) _
_
_
_
_
_
_
_
_
_
_
_
_
_
_
_
_
_
shows how much cash is available to cover expenses, to invest, or to take as profit
cash flow statement
33.3%
One of the few disadvantages of a computerized bookkeeping system is that the financial records are not available if the _
_
_
_
_
_
goes out
power
33.3%
The first thing you should put on the _
_
_
_
_
_
is the daily log sheet, followed by a stack of _
_
_
_
_
_
pegboard superbills
33.3%
When a person is hot, dermal blood vessels _
_
_
_
_
_
, carrying body heat to the body's serface where it can escape
dilate
33.3%
When a person is cold, the dermal blood vessels _
_
_
_
_
_
to prevent the heat in blood from escaping
constrict
33.3%
_
_
_
_
_
_
is deposited throughout the layers of the epidermis
melanin
33.3%
_
_
_
_
_
_
is a durable protein that makes the epidermis waterproof and resistant to bacteria and viruses
keratin
33.3%
_
_
_
_
_
_
glands are located in the dermis
sweat
33.3%
When the supply of oxygen in the blood is low, the skin looks rather pale or _
_
_
_
_
_
bluish
33.3%
Herpes _
_
_
_
_
_
types 1 and 2 are both caused by a _
_
_
_
_
_
simplex virus
33.3%
Pediculosis is more commonly known as lice and comes in three forms: _
_
_
_
_
_
lice, _
_
_
_
_
_
lice, and _
_
_
_
_
_
lice
head body pubic
33.3%
_
_
_
_
_
_
causes distinctive silvery scaly skin lesions
psoriasis
33.3%
_
_
_
_
_
_
are mites that burrow beneath the skin and lay eggs
scabies
33.3%
A superficial or _
_
_
_
_
_
-
degree burn involves only the _
_
_
_
_
_
and is characterized by pain, redness, and swelling
first epidermis
33.3%
the _
_
_
_
_
_
may be called the insured, the member, or the subscriber
policyholder
25%
Hospice programs provide _
_
_
_
_
_
care, including pain relief and support for terminal patients and their family members
palliative
25%
For credit cards, record the _
_
_
_
_
_
code from the operator on the credit card _
_
_
_
_
_
and _
_
_
_
_
_
it
authorization voucher initial
25%
_
_
_
_
_
_
is often the largest of the accounts payable
payroll
25%
A practice's accounting system usually consists of a daily _
_
_
_
_
_
, patient _
_
_
_
_
_
cards, the checkbook, the disbursements journal, the _
_
_
_
_
_
cash record, and the payroll _
_
_
_
_
_
log ledger petty register
25%
_
_
_
_
_
_
is the part of the accounting process that consists of the systematic recording of business transactions
bookkeeping
25%
_
_
_
_
_
_
codes are never the _
_
_
_
_
_
or _
_
_
_
_
_
diagnosis listed
e primary first
16.7%
_
_
_
_
_
_
was originally developed by the Centers for Medicare and Medicaid Services for use in coding services for Medicare patients
HCPCS
16.7%
An _
_
_
_
_
_
by the patients results in a credit _
_
_
_
_
_
, in which case the practice owes the patient money.
overpayment balance
16.7%
_
_
_
_
_
_
involves comparing the office's checkbook or disbursements journal with the monthly bank _
_
_
_
_
_
to ensure that they are consistent with each other and accurate
reconciliation statement
16.7%
Call the credit card company and give the operator the patients credit card _
_
_
_
_
_
and the amount of _
_
_
_
_
_
number payment
8.3%
When you use a(n) _
_
_
_
_
_
_
_
_
_
_
_
_
_
_
_
_
_
, the computer calculates balances automatically. When you record a check, the computer calculates and displays the new balance
electronic banking system
8.3%
Quiz Playlist
Details
Report
Send in Message
Add To Playlist
Classic:
Type in answers that appear in a list
Last Updated: Feb 16, 2017
Quiz Scoreboard
CHALLENGE
Sign Up to Join the Scoreboard
Show All
Scores
Hide
Comments
May contain spoilers
Recently Published
College Basketball Coaching Resumes
by pancakes188
Sports
9m
Billboard Blitz: Fleetwood Mac
by CooCooCachoo
Music
15s
Presidents Visiting Landmarks
by Hejman
History
7m
More to Explore
Quiz From the Vault
Featured Blog Post
Where Did the Easter Bunny Come From?
hide this ad
You Might Also Like...
Tags
102
final
Today's Top Quizzes in Science
Browse Science
hide this ad
Top Contributed Quizzes in Science
1
Quick Pick: Radians
2
Quick Pick: 'CI-CJ' Animals
3
The First 100 Digits of Pi
4
Elements In Images
5
One Thing in Common: Science
6
Science Jokes
7
Name the Acid, Base or Salt
8
One Thing in Common: Science II
9
One Thing in Common: Science III
10
One Thing in Common: Animals
Explore More
Trending Topics
Anime
NBA
Kpop
Harry Potter
Disney
Crossword
Marvel
Country
Pokémon
Puzzle
The Office
Song
Soccer
NFL
WWE
hide this ad
More By:
awhile20
Quiz
Plays
Rating
Category
Featured
Created
MA Terminology A-M (Part 1 of 2)
88
1.00
Science
Oct 23, 2013
MA 113 - Vital Signs Test
61
2.50
Science
Oct 17, 2013
MA Terminology 33-48
59
Science
Mar 19, 2014
MA Terminology 1-16
54
Science
Mar 4, 2014
MA Terminology 4th Row
40
5.00
Science
Mar 4, 2014
Go to Creator's Profile
Score Distribution
Quiz Creator Spotlight
awhile20
Follow
Send a Message
Quizzes Created
-
Created Quiz Play Count
-
More By This Creator
Popular Quizzes Today
1
Find the US States - No Outlines Minefield
2
Find the Countries of Europe - No Outlines Minefield
3
The Countries of the World
4
Find the US States
5
Risky Map Clicking: Biggest States A-Z
6
US States
7
Popular People in 1961
8
Movies - When Are They Set?
More Science Quizzes
Constellations on a Skymap
Published
Trending Quizzes
Risky Map Clicking: Least Populous States A-Z
1-10 Letter G Words
1-10 Letter F Words
Risky Map Clicking: Next State Alphabetically
Risky Map Clicking: Biggest States A-Z
Recently Updated
Leaping Animals
pecheneg
Reality TV Shows (A-Z)
bhenderson79
Rickey Henderson's Hall of Fame Teammates
pecheneg
Champions League XIs: Arsenal
pecheneg
Quick Pick: Celebrities in WWE's Hall of Fame
aduchscher
A-Z Keypad Blitz II
pecheneg
Multiple Oscar Actors
pecheneg
Mystery Phrase Blitz: Oscar 'Best Actors'
pecheneg
F. Scott Fitzgerald Novels
LTH
Pick 3 Villains
ddd62291
Trending Topics
Anime
NBA
Harry Potter
Marvel
Disney
Kpop
Crossword
NFL
Soccer
Country
The Office
Song
WWE
Pokémon
Puzzle
Your Account Isn't Verified!
In order to create a playlist on Sporcle, you need to verify the email address you used during registration. Go to your
Sporcle Settings
to finish the process.
Report this User
Report this user for behavior that violates our
Community Guidelines
.
Details:
Send Report
Go to the Sporcle.com Mobile Site →
Comments